[Event "Politiken Cup 2008"]
[Site "Helsingør DEN"]
[Date "2008.07.21"]
[Round "4.90"]
[White "Klein, Gernot Dr"]
[Black "Jacobsen, Mads-Holger"]
[Result "1/2-1/2"]
[WhiteElo "2011"]
[BlackElo "1831"]
[PlyCount "101"]
[EventDate "2008.07.20"]
[EventType "swiss"]
[EventRounds "9"]
[EventCountry "DEN"]
[Source "lmi"]
[SourceDate "2008.07.20"]
[WhiteTeam "Post Telekom Aachen"]
[BlackTeam "K41"]

1. e4 c5 2. Nf3 e6 3. d4 cxd4 4. Nxd4 Nc6 5. Nc3 a6 6. Be3 Qc7 7. Bd3 Nf6 8. g4
d6 9. g5 Nd7 10. Rg1 Nc5 11. Qd2 b5 12. Nxc6 Qxc6 13. f3 Bb7 14. O-O-O Nxd3+
15. Qxd3 Be7 16. h4 O-O 17. Kb1 b4 18. Ne2 e5 19. Ng3 g6 20. h5 a5 21. Qd2 Rad8
22. Qh2 Kg7 23. hxg6 fxg6 24. Qh6+ Kg8 25. Nh5 Rf7 26. Nf6+ Bxf6 27. gxf6 Rxf6
28. Bg5 Rdf8 29. Bxf6 Rxf6 30. Rh1 Qd7 31. Qe3 Bc6 32. Rh2 h5 33. Qg5 Qg7 34.
Rg1 Rxf3 35. Qd8+ Rf8 36. Qxd6 Bxe4 37. Qc5 Qf7 38. Re1 Qf1 39. Rhe2 Bg2 40.
Qxe5 Qf3 41. Kc1 Bf1 42. Re3 Qf5 43. Qxf5 Rxf5 44. Re5 Rxe5 45. Rxe5 h4 46. Re4
h3 47. Rh4 Kg7 48. Kd2 g5 49. Rh5 Kg6 50. Rh8 Kg7 51. Rh5 1/2-1/2

[Event "Politiken Cup 2008"]
[Site "Helsingør DEN"]
[Date "2008.07.21"]
[Round "4.91"]
[White "Nielsen, Jimmy Oste"]
[Black "Knudsen, Jes West"]
[Result "0-1"]
[WhiteElo "1705"]
[BlackElo "2003"]
[PlyCount "46"]
[EventDate "2008.07.20"]
[EventType "swiss"]
[EventRounds "9"]
[EventCountry "DEN"]
[Source "lmi"]
[SourceDate "2008.07.20"]
[WhiteTeam "K41"]
[BlackTeam "Helsinge"]

1. d4 f5 2. c4 Nf6 3. Nc3 d6 4. Qc2 Nc6 5. e3 g6 6. Nf3 Bg7 7. d5 Ne5 8. Be2
O-O 9. O-O a6 10. b3 Qe8 11. Bb2 Nxf3+ 12. Bxf3 g5 13. Be2 f4 14. exf4 gxf4 15.
f3 Qh5 16. Bd3 Nd7 17. Rae1 Ne5 18. Ba1 Rf6 19. Re2 Rh6 20. h3 Bxh3 21. gxh3
Qxh3 22. Nd1 Qh1+ 23. Kf2 Rh2+ 0-1

[Event "Politiken Cup 2008"]
[Site "Helsingør DEN"]
[Date "2008.07.21"]
[Round "4.92"]
[White "Svanholm, Borge Waaktaar"]
[Black "Nielsen, Kai Gylling"]
[Result "1/2-1/2"]
[WhiteElo "2003"]
[BlackElo "1829"]
[PlyCount "72"]
[EventDate "2008.07.20"]
[EventType "swiss"]
[EventRounds "9"]
[EventCountry "DEN"]
[Source "lmi"]
[SourceDate "2008.07.20"]
[WhiteTeam "SK Stjernen"]
[BlackTeam "Roskilde"]

1. c4 e5 2. Nc3 Nf6 3. Nf3 Nc6 4. e3 Bb4 5. Qc2 a6 6. Nd5 Nxd5 7. cxd5 Ne7 8.
Nxe5 d6 9. Nf3 O-O 10. a3 Bc5 11. b4 Bb6 12. Qb3 Bf5 13. d3 Qd7 14. Be2 a5 15.
b5 a4 16. Qc4 Ba5+ 17. Bd2 Bxd2+ 18. Nxd2 Ra5 19. Rb1 c6 20. dxc6 bxc6 21. bxc6
Nxc6 22. O-O Ne5 23. Qd4 Rc8 24. Rfc1 Rxc1+ 25. Rxc1 h6 26. Nf3 Nxf3+ 27. Bxf3
Qb5 28. e4 Bg6 29. Qxd6 Ra6 30. Qd8+ Kh7 31. h3 Rc6 32. Rxc6 Qxc6 33. Qe7 Qc1+
34. Kh2 Qf4+ 35. Kg1 Qc1+ 36. Kh2 Qf4+ 1/2-1/2

[Event "Politiken Cup 2008"]
[Site "Helsingør DEN"]
[Date "2008.07.21"]
[Round "4.94"]
[White "Krueger, Bernhard"]
[Black "Sondergaard, Thomas"]
[Result "0-1"]
[WhiteElo "1761"]
[BlackElo "1998"]
[PlyCount "60"]
[EventDate "2008.07.20"]
[EventType "swiss"]
[EventRounds "9"]
[EventCountry "DEN"]
[Source "lmi"]
[SourceDate "2008.07.20"]
[WhiteTeam "SC Grunbach"]
[BlackTeam "Ålborg"]

1. d4 f5 2. Nf3 Nf6 3. c4 e6 4. Bg5 Be7 5. Nc3 O-O 6. e3 d6 7. Be2 Nbd7 8. Qc2
c6 9. O-O Kh8 10. e4 Nxe4 11. Bxe7 Qxe7 12. Nxe4 fxe4 13. Qxe4 Nf6 14. Qh4 Qe8
15. Ng5 a5 16. Rae1 a4 17. Bg4 Ra5 18. c5 dxc5 19. Re5 h6 20. Bxe6 Qg6 21. Bxc8
Rxc8 22. Rfe1 Rb5 23. dxc5 Rxb2 24. Nf3 Rxa2 25. Rg5 Qh7 26. Rge5 a3 27. Re6
Rf8 28. Ne5 Qf5 29. Re7 Nd5 30. Nf3 Nxe7 0-1

[Event "Politiken Cup 2008"]
[Site "Helsingør DEN"]
[Date "2008.07.21"]
[Round "4.95"]
[White "Hollesen, Kurt"]
[Black "Christensen, Casper"]
[Result "1-0"]
[WhiteElo "1996"]
[BlackElo "1795"]
[PlyCount "67"]
[EventDate "2008.07.20"]
[EventType "swiss"]
[EventRounds "9"]
[EventCountry "DEN"]
[Source "lmi"]
[SourceDate "2008.07.20"]
[WhiteTeam "K41"]
[BlackTeam "Skovbo"]

1. c4 c5 2. Nc3 Nf6 3. e4 Nc6 4. g3 g6 5. Bg2 Bg7 6. Nge2 O-O 7. O-O e5 8. d3
d6 9. f4 exf4 10. Bxf4 Ng4 11. h3 Nge5 12. Nd5 Nb4 13. Nxb4 cxb4 14. Qd2 a5 15.
Rac1 Be6 16. b3 f6 17. d4 Nf7 18. Kh2 Qe7 19. Be3 f5 20. exf5 Bxf5 21. Nf4 Ra6
22. Nd5 Qd7 23. Rce1 Re8 24. g4 Be6 25. Nf4 Raa8 26. Nxe6 Rxe6 27. Bd5 Rf6 28.
Rxf6 Bxf6 29. Rf1 Kg7 30. g5 Nxg5 31. Bxg5 Bxg5 32. Qxg5 Rf8 33. Rxf8 Kxf8 34.
Qh6+ 1-0

[Event "Politiken Cup 2008"]
[Site "Helsingør DEN"]
[Date "2008.07.21"]
[Round "4.96"]
[White "Clausen, Hansjørgen"]
[Black "Rasmussen, Morten"]
[Result "0-1"]
[WhiteElo "1617"]
[BlackElo "1996"]
[PlyCount "108"]
[EventDate "2008.07.20"]
[EventType "swiss"]
[EventRounds "9"]
[EventCountry "DEN"]
[Source "lmi"]
[SourceDate "2008.07.20"]
[WhiteTeam "Gråsten"]
[BlackTeam "Skanderborg"]

1. d4 d5 2. Nf3 Nf6 3. e3 c6 4. c4 e6 5. Nc3 Nbd7 6. Bd2 Bd6 7. c5 Bc7 8. Be2
e5 9. dxe5 Ng4 10. b4 Ngxe5 11. O-O O-O 12. Na4 a6 13. Bc3 Re8 14. Qc2 Nxf3+
15. Bxf3 Ne5 16. Bxe5 Bxe5 17. Nb6 Qh4 18. g3 Qf6 19. Bg2 Bf5 20. Qd1 Rad8 21.
a4 Bxa1 22. Qxa1 Qxa1 23. Rxa1 d4 24. exd4 Rxd4 25. b5 Be4 26. Re1 Kf8 27. bxa6
bxa6 28. Bxe4 Rexe4 29. Rc1 Re5 30. Rc2 Ke8 31. Kg2 Kd8 32. f4 Ree4 33. Rb2 h6
34. Kf3 h5 35. a5 Rb4 36. Rd2+ Red4 37. Rc2 Rb3+ 38. Kg2 Ra3 39. Nc4 Rxc4 40.
Rxc4 Rxa5 41. Rc2 Rb5 42. Kf3 Kd7 43. Rc3 a5 44. f5 Ke7 45. h3 a4 46. Rc4 Ra5
47. g4 a3 48. Rc1 hxg4+ 49. hxg4 Kf6 50. Ra1 a2 51. Kf4 Ra4+ 52. Kg3 Kg5 53.
Kf3 Ra3+ 54. Ke4 f6 0-1

[Event "Politiken Cup 2008"]
[Site "Helsingør DEN"]
[Date "2008.07.21"]
[Round "4.97"]
[White "Hansen, Anders"]
[Black "Petersen, Martin Reib"]
[Result "0-1"]
[WhiteElo "1682"]
[BlackElo "1987"]
[PlyCount "62"]
[EventDate "2008.07.20"]
[EventType "swiss"]
[EventRounds "9"]
[EventCountry "DEN"]
[Source "lmi"]
[SourceDate "2008.07.20"]
[WhiteTeam "Harplinge"]
[BlackTeam "Øbro"]

1. d4 Nf6 2. c4 g6 3. Nc3 d5 4. Nf3 Bg7 5. e3 O-O 6. Be2 c6 7. O-O Nbd7 8. b3
Re8 9. Bb2 Nb6 10. a4 a5 11. Rb1 Be6 12. Ng5 Bf5 13. Bd3 Bxd3 14. Qxd3 dxc4 15.
bxc4 e5 16. Rfd1 h6 17. dxe5 Qxd3 18. Rxd3 Ng4 19. Nf3 Nxc4 20. Rd4 Ngxe5 21.
Nxe5 Nxe5 22. Ba3 Rad8 23. Rxd8 Rxd8 24. Rd1 Rxd1+ 25. Nxd1 b5 26. axb5 cxb5
27. Kf1 Nc4 28. Bc5 a4 29. Bd4 Bxd4 30. exd4 a3 31. Nc3 b4 0-1

[Event "Politiken Cup 2008"]
[Site "Helsingør DEN"]
[Date "2008.07.21"]
[Round "4.98"]
[White "Ukkelberg, Oyvind"]
[Black "Larsen, Finn"]
[Result "1-0"]
[WhiteElo "1986"]
[BlackElo "1776"]
[PlyCount "67"]
[EventDate "2008.07.20"]
[EventType "swiss"]
[EventRounds "9"]
[EventCountry "DEN"]
[Source "lmi"]
[SourceDate "2008.07.20"]
[WhiteTeam "Trondheim"]
[BlackTeam "Frederikssund"]

1. d4 Nf6 2. c4 e6 3. e3 Bb4+ 4. Nd2 O-O 5. Bd3 d5 6. Qc2 Nbd7 7. Ngf3 Qe7 8.
O-O c6 9. a3 Bd6 10. e4 e5 11. Re1 exd4 12. exd5 Qd8 13. Ne4 Nxe4 14. Bxe4 Nf6
15. dxc6 bxc6 16. c5 Nxe4 17. Qxe4 Bc7 18. Nxd4 Bb7 19. Be3 Qf6 20. Qf3 Qe5 21.
g3 Rac8 22. Nf5 g6 23. Nh6+ Kg7 24. Ng4 Qf5 25. Bh6+ Kg8 26. Nf6+ Kh8 27. Qc3
Rfd8 28. Bg7+ Kxg7 29. Ng4+ f6 30. Nxf6 Kf7 31. Re3 g5 32. Nh5 Kg6 33. Ng7 g4
34. Nxf5 1-0

[Event "Politiken Cup 2008"]
[Site "Helsingør DEN"]
[Date "2008.07.21"]
[Round "4.99"]
[White "Johansen, Anders Sten"]
[Black "Jorgensen, Arne Bjorn"]
[Result "1/2-1/2"]
[WhiteElo "1615"]
[BlackElo "1984"]
[PlyCount "89"]
[EventDate "2008.07.20"]
[EventType "swiss"]
[EventRounds "9"]
[EventCountry "DEN"]
[Source "lmi"]
[SourceDate "2008.07.20"]
[WhiteTeam "Follo"]
[BlackTeam "Rudersdal"]

1. e4 Nf6 2. d3 d6 3. Nf3 g6 4. g3 Bg7 5. Bg2 O-O 6. O-O c5 7. Nbd2 Nc6 8. Re1
Nd7 9. Nf1 Rb8 10. Ne3 b5 11. Nh4 Bb7 12. f4 b4 13. f5 Nde5 14. Rf1 Nd4 15. Nf3
Ndxf3+ 16. Bxf3 e6 17. Bg2 Qe7 18. Qe2 Rbe8 19. Qf2 f6 20. Bd2 Qd7 21. g4 a5
22. b3 Bc6 23. h4 Ra8 24. Bh3 exf5 25. gxf5 Kh8 26. Kh2 Qf7 27. Rg1 Rg8 28.
fxg6 hxg6 29. Raf1 Raf8 30. Ng4 Nxg4+ 31. Rxg4 f5 32. exf5 gxf5 33. Rg5 Be5+
34. Bf4 Rxg5 35. hxg5 Qh5 36. Bxe5+ dxe5 37. Qxc5 Qe8 38. Qxa5 e4 39. Rxf5 Qb8+
40. Qe5+ Qxe5+ 41. Rxe5 exd3 42. cxd3 Rf2+ 43. Kg3 Rf3+ 44. Kh4 Rxd3 45. Be6
1/2-1/2

[Event "Politiken Cup 2008"]
[Site "Helsingør DEN"]
[Date "2008.07.21"]
[Round "4.100"]
[White "Jacobsen, Súni"]
[Black "Haubro, Martin"]
[Result "1-0"]
[WhiteElo "1981"]
[BlackElo "1747"]
[PlyCount "55"]
[EventDate "2008.07.20"]
[EventType "swiss"]
[EventRounds "9"]
[EventCountry "DEN"]
[Source "lmi"]
[SourceDate "2008.07.20"]
[WhiteTeam "Havnar Telvingarfelag"]
[BlackTeam "BMS"]

1. d4 d5 2. Nf3 e6 3. g3 f5 4. Bg2 c6 5. O-O Nf6 6. c4 Bd6 7. Bg5 O-O 8. Qb3
Qe8 9. Ne5 Ne4 10. Be3 Nd7 11. f3 Nef6 12. Bf4 Be7 13. Nc3 Qh5 14. Nxd7 Nxd7
15. e4 g5 16. Bc7 Rf6 17. cxd5 cxd5 18. exf5 g4 19. Bf4 Qxf5 20. fxg4 Qxg4 21.
Rae1 Nf8 22. Re5 Qg7 23. Rfe1 Ng6 24. Nxd5 exd5 25. Qxd5+ Kh8 26. Bg5 Rd6 27.
Qxd6 Bxg5 28. Re8+ 1-0

[Event "Politiken Cup 2008"]
[Site "Helsingør DEN"]
[Date "2008.07.21"]
[Round "4.101"]
[White "Fischer, Thomas"]
[Black "Kobberberg, Steen"]
[Result "1-0"]
[WhiteElo "1976"]
[BlackElo "1710"]
[PlyCount "123"]
[EventDate "2008.07.20"]
[EventType "swiss"]
[EventRounds "9"]
[EventCountry "DEN"]
[Source "lmi"]
[SourceDate "2008.07.20"]
[WhiteTeam "SC Grunbach"]
[BlackTeam "Frederiksværk"]

1. Nf3 d5 2. g3 Nf6 3. Bg2 c6 4. d3 Bg4 5. c3 e6 6. Nbd2 Nbd7 7. O-O Qc7 8. Re1
Bd6 9. Qc2 O-O-O 10. e4 Bxf3 11. Nxf3 h6 12. b4 Kb8 13. e5 Nxe5 14. Nxe5 g5 15.
d4 Rdg8 16. Qe2 h5 17. a4 g4 18. Bf4 h4 19. Nd3 hxg3 20. fxg3 Rh5 21. Ra2 Rgh8
22. Raa1 Bxf4 23. Nxf4 Rxh2 24. Qe5 Nd7 25. Qxc7+ Kxc7 26. Nd3 R8h6 27. Ne5
Nxe5 28. Rxe5 f5 29. Kf2 Kd6 30. a5 a6 31. Ree1 Rf6 32. Rh1 Rxh1 33. Rxh1 e5
34. dxe5+ Kxe5 35. Re1+ Kd6 36. Re8 Kd7 37. Rh8 Rf7 38. Rh1 Ke6 39. Ke3 Ke5 40.
Rh6 Rc7 41. Bf1 c5 42. Rb6 cxb4 43. cxb4 d4+ 44. Kd2 f4 45. gxf4+ Kxf4 46. Kd3
Ke5 47. Bg2 Rc3+ 48. Kd2 g3 49. Bxb7 Rb3 50. Kd1 Kf4 51. Kc2 Rc3+ 52. Kb2 Ke3
53. Rxa6 Kd2 54. Rd6 Rc2+ 55. Kb3 Rc3+ 56. Ka4 d3 57. a6 Rc1 58. b5 Ke3 59. Ka5
d2 60. Kb6 d1=Q 61. Rxd1 Rxd1 62. a7 1-0

[Event "Politiken Cup 2008"]
[Site "Helsingør DEN"]
[Date "2008.07.21"]
[Round "4.102"]
[White "Berkemer, Rainer"]
[Black "Stockhaug, Jon Arne"]
[Result "1-0"]
[WhiteElo "1975"]
[BlackElo "1682"]
[PlyCount "77"]
[EventDate "2008.07.20"]
[EventType "swiss"]
[EventRounds "9"]
[EventCountry "DEN"]
[Source "lmi"]
[SourceDate "2008.07.20"]
[WhiteTeam "SF Neckartenzlingen"]
[BlackTeam "Stjordal"]

1. d4 Nf6 2. Nf3 e6 3. g3 b6 4. Bg2 Bb7 5. Bg5 Be7 6. c4 c5 7. dxc5 bxc5 8. O-O
O-O 9. Qd3 d6 10. Bxf6 Bxf6 11. Ng5 Bxg5 12. Bxb7 Bf6 13. Nc3 Nd7 14. Bxa8 Qxa8
15. Qxd6 Qb7 16. Na4 Rc8 17. Rad1 Ne5 18. b3 Qe4 19. Qd2 h6 20. Qe3 Qf5 21. Kg2
Qh5 22. h3 Nc6 23. Qf3 Qe5 24. Qe3 Qh5 25. Qe4 Nd4 26. e3 Nc6 27. Qg4 Qe5 28.
Qf4 Qh5 29. g4 Qg6 30. Nxc5 h5 31. Nd7 Bc3 32. Rg1 Ba5 33. Qf3 f5 34. Kh1 fxg4
35. hxg4 h4 36. Rd6 Nd8 37. Qf8+ Kh7 38. Qf3 Bc7 39. Nf8+ 1-0

[Event "Politiken Cup 2008"]
[Site "Helsingør DEN"]
[Date "2008.07.21"]
[Round "4.103"]
[White "Andersen, Daniel"]
[Black "Eiholt, Bjarne"]
[Result "1-0"]
[WhiteElo "1969"]
[BlackElo "1669"]
[PlyCount "41"]
[EventDate "2008.07.20"]
[EventType "swiss"]
[EventRounds "9"]
[EventCountry "DEN"]
[Source "lmi"]
[SourceDate "2008.07.20"]
[WhiteTeam "Frederikssund"]
[BlackTeam "K41"]

1. c4 e5 2. Nc3 Nf6 3. Nf3 Be7 4. Nxe5 O-O 5. e3 d6 6. Nf3 Nc6 7. d4 Bg4 8. Be2
Re8 9. O-O Bf8 10. b3 g6 11. Bb2 Bg7 12. h3 Bd7 13. d5 Ne7 14. Qc2 Nc8 15. Nd4
Nb6 16. Rad1 Bc8 17. Rfe1 Nbd7 18. Bf1 a5 19. g3 Ne5 20. Bg2 Bd7 21. f4 1-0

[Event "Politiken Cup 2008"]
[Site "Helsingør DEN"]
[Date "2008.07.21"]
[Round "4.104"]
[White "Ochsner, Bjorn Moller"]
[Black "Hjornevik, Knut Jarle"]
[Result "0-1"]
[WhiteElo "1963"]
[BlackElo "1645"]
[PlyCount "78"]
[EventDate "2008.07.20"]
[EventType "swiss"]
[EventRounds "9"]
[EventCountry "DEN"]
[Source "lmi"]
[SourceDate "2008.07.20"]
[WhiteTeam "Århus/skolerne"]
[BlackTeam "Sandness"]

1. e4 c5 2. Nf3 d6 3. d4 cxd4 4. Nxd4 Nf6 5. Nc3 g6 6. Be3 Bg7 7. f3 O-O 8. Qd2
Nc6 9. Bc4 Bd7 10. O-O-O Rc8 11. Bb3 Ne5 12. Kb1 Nc4 13. Bxc4 Rxc4 14. g4 a5
15. h4 h5 16. e5 dxe5 17. g5 exd4 18. gxf6 Bxf6 19. Bh6 dxc3 20. Qxd7 Qxd7 21.
Rxd7 Rb8 22. f4 cxb2 23. Bg5 Kg7 24. Rh2 a4 25. Rd3 Rbc8 26. Rd5 Bxg5 27. fxg5
a3 28. Ra5 Rc3 29. Rd5 Re3 30. Rd1 Rd8 31. Rf1 e5 32. Rhf2 Rd7 33. Rh2 b5 34.
Rg1 b4 35. Rf1 Rf3 36. Re1 e4 37. Rhh1 e3 38. Rh2 Rd2 39. Rhh1 e2 0-1

[Event "Politiken Cup 2008"]
[Site "Helsingør DEN"]
[Date "2008.07.21"]
[Round "4.105"]
[White "Botheim, Tor"]
[Black "Snahre, Stig Allan"]
[Result "1-0"]
[WhiteElo "1964"]
[BlackElo "1623"]
[PlyCount "59"]
[EventDate "2008.07.20"]
[EventType "swiss"]
[EventRounds "9"]
[EventCountry "DEN"]
[Source "lmi"]
[SourceDate "2008.07.20"]
[WhiteTeam "1911"]
[BlackTeam "Egernsund"]

1. e4 e6 2. d4 d5 3. Nc3 Nf6 4. e5 Nfd7 5. f4 c5 6. Nf3 Nc6 7. Be3 cxd4 8. Nxd4
Bc5 9. Qd2 O-O 10. O-O-O a6 11. Qf2 Bxd4 12. Bxd4 Nxd4 13. Qxd4 b5 14. Bd3 Qb6
15. Qxb6 Nxb6 16. Ne2 b4 17. Nd4 Bd7 18. Rhf1 Nc8 19. g4 Ne7 20. f5 g6 21. f6
Nc6 22. Nxc6 Bxc6 23. Rf3 Bb5 24. Rh3 Rfc8 25. Rh6 Rc5 26. Bxb5 axb5 27. Rd3
Rac8 28. c3 bxc3 29. b4 c2 30. bxc5 1-0

[Event "Politiken Cup 2008"]
[Site "Helsingør DEN"]
[Date "2008.07.21"]
[Round "4.106"]
[White "Ronningen, Anders"]
[Black "Christiansen, Niels Jørgen"]
[Result "1-0"]
[WhiteElo "1960"]
[BlackElo "1450"]
[PlyCount "79"]
[EventDate "2008.07.20"]
[EventType "swiss"]
[EventRounds "9"]
[EventCountry "DEN"]
[Source "lmi"]
[SourceDate "2008.07.20"]
[WhiteTeam "Kongsvinger"]
[BlackTeam "Helsinge"]

1. e4 e5 2. Nf3 Nc6 3. Bc4 Nf6 4. d3 Be7 5. c3 d6 6. h3 h6 7. Bb3 O-O 8. O-O
Bd7 9. Re1 Na5 10. Bc2 c5 11. Nbd2 Rc8 12. Nf1 Re8 13. Ng3 Bf8 14. Be3 Kh7 15.
Qd2 Ng8 16. Nh2 Nc6 17. Rad1 Rc7 18. f4 exf4 19. Bxf4 Ne5 20. d4 cxd4 21. cxd4
Ng6 22. Be3 Kh8 23. Rf1 Bb5 24. Rf5 Qc8 25. Bb1 Ba6 26. Ng4 f6 27. Rf2 Nh4 28.
Qa5 g5 29. Nxf6 Nxf6 30. Rxf6 Bg7 31. Rxd6 Rf7 32. Nh5 Ref8 33. Nxg7 Kxg7 34.
Qe5+ Kg8 35. Rxh6 Rf1+ 36. Rxf1 Rxf1+ 37. Kh2 Qxh3+ 38. Kxh3 Rh1+ 39. Kg4 Be2+
40. Kxg5 1-0

[Event "Politiken Cup 2008"]
[Site "Helsingør DEN"]
[Date "2008.07.21"]
[Round "4.107"]
[White "Angott, Juergen"]
[Black "Lyngsjo, Hakan"]
[Result "0-1"]
[WhiteElo "1597"]
[BlackElo "1951"]
[PlyCount "100"]
[EventDate "2008.07.20"]
[EventType "swiss"]
[EventRounds "9"]
[EventCountry "DEN"]
[Source "lmi"]
[SourceDate "2008.07.20"]
[WhiteTeam "SC Grunbach"]
[BlackTeam "SK Bare Bønder"]

1. g3 Nf6 2. Bg2 d5 3. d4 g6 4. Nf3 Bg7 5. O-O O-O 6. b3 c5 7. e3 Nc6 8. Bb2 b6
9. Nbd2 Bf5 10. a3 Rc8 11. Rc1 Qd7 12. Qe2 Bh3 13. c4 Bxg2 14. Kxg2 cxd4 15.
exd4 e6 16. Rfd1 Qb7 17. Kg1 Rc7 18. Rb1 Rfc8 19. b4 dxc4 20. Nxc4 Qa6 21. b5
Qxb5 22. Nfd2 Qd5 23. Ne3 Nxd4 24. Bxd4 Qxd4 25. Rb4 Qc3 26. Nb1 Qe5 27. f4 Qc5
28. Nd2 Nd5 29. Ndf1 Nxb4 30. axb4 Qxb4 31. Qa6 Bd4 32. Kg2 Bc5 33. Kf3 Qa3 34.
Qxa3 Bxa3 35. Ng4 Kg7 36. Ne5 a5 37. Rb1 Rc3+ 38. Kg2 Bc5 39. Nf3 Rd8 40. Rb2
a4 41. Ra2 a3 42. N1d2 Be7 43. Ne5 b5 44. Ne4 Rb3 45. Kh3 Rb2 46. Ra1 b4 47.
Ng5 Rdd2 48. Ngf3 Rf2 49. Ne1 Rxh2+ 50. Kg4 Rbf2 0-1

[Event "Politiken Cup 2008"]
[Site "Helsingør DEN"]
[Date "2008.07.21"]
[Round "4.108"]
[White "Andersen, Dag"]
[Black "Moe, Pål"]
[Result "1/2-1/2"]
[WhiteElo "1944"]
[BlackElo "1431"]
[PlyCount "43"]
[EventDate "2008.07.20"]
[EventType "swiss"]
[EventRounds "9"]
[EventCountry "DEN"]
[Source "lmi"]
[SourceDate "2008.07.20"]
[WhiteTeam "Indre Østfolds Sjakkselskab"]
[BlackTeam "OSS"]

1. e4 c5 2. Nf3 d6 3. d4 cxd4 4. Nxd4 Nf6 5. Nc3 a6 6. Be3 e5 7. Nb3 Be7 8. f3
Be6 9. Be2 O-O 10. O-O b5 11. Qd2 Nbd7 12. Rfd1 Nb6 13. Kh1 Qc7 14. a3 Rac8 15.
Bg5 Rfd8 16. Qe1 d5 17. exd5 Nbxd5 18. Nxd5 Nxd5 19. Bxe7 Nxe7 20. Bd3 Bf5 21.
Bxf5 Nxf5 22. c3 1/2-1/2

[Event "Politiken Cup 2008"]
[Site "Helsingør DEN"]
[Date "2008.07.21"]
[Round "4.109"]
[White "Berth, Mikkel Knoth"]
[Black "Nielsen, Jens Holm"]
[Result "1-0"]
[WhiteElo "1566"]
[BlackElo "1943"]
[PlyCount "161"]
[EventDate "2008.07.20"]
[EventType "swiss"]
[EventRounds "9"]
[EventCountry "DEN"]
[Source "lmi"]
[SourceDate "2008.07.20"]
[WhiteTeam "Brønshøj"]
[BlackTeam "Amager"]

1. e4 d5 2. exd5 Qxd5 3. Nc3 Qa5 4. d4 Nf6 5. Bc4 e6 6. Bd2 Bb4 7. a3 Bxc3 8.
Bxc3 Qg5 9. Nf3 Qg4 10. O-O Nbd7 11. Be2 Nd5 12. Bd2 Nf4 13. Bxf4 Qxf4 14. c4
O-O 15. b4 Re8 16. a4 a5 17. bxa5 Rxa5 18. Qd2 Qxd2 19. Nxd2 Nb6 20. Bd1 Bd7
21. Bf3 Bc6 22. Bxc6 bxc6 23. Nb3 Rxa4 24. Rxa4 Nxa4 25. Ra1 Nb6 26. c5 Nd5 27.
Kf1 Kf8 28. Ra6 e5 29. Ke2 Rb8 30. Na5 exd4 31. Nxc6 d3+ 32. Kxd3 Re8 33. Ra7
Nf4+ 34. Kc4 Ne6 35. Nd4 Nxd4 36. Kxd4 c6 37. Rc7 Re6 38. Kc4 g5 39. Kb4 Re2
40. Rxc6 Rxf2 41. Rh6 Ke7 42. g3 Kd7 43. Rxh7 Kc6 44. Rh6+ f6 45. h4 gxh4 46.
Rxh4 Rb2+ 47. Kc3 Re2 48. Kd4 Re5 49. Rf4 Rd5+ 50. Ke4 Re5+ 51. Kf3 f5 52. Rc4
Kd5 53. Rc1 Kc6 54. Kf4 Rd5 55. Rc2 Rd3 56. Rc4 Rd5 57. Rc3 Kd7 58. c6+ Kc7 59.
Kg5 Ra5 60. Kf6 Rd5 61. Ke6 Ra5 62. Rf3 Ra6 63. Rxf5 Rxc6+ 64. Kf7 Rc3 65. g4
Rd3 66. g5 Rd7+ 67. Kf6 Rd8 68. g6 Rf8+ 69. Kg5 Rg8 70. Kh6 Kd6 71. Rf1 Rh8+
72. Kg7 Ra8 73. Rf8 Ra1 74. Kg8 Rh1 75. g7 Ke7 76. Rf2 Ra1 77. Rf4 Rh1 78. Re4+
Kf6 79. Kf8 Ra1 80. g8=Q Ra8+ 81. Re8 1-0

[Event "Politiken Cup 2008"]
[Site "Helsingør DEN"]
[Date "2008.07.21"]
[Round "4.110"]
[White "Suntharaligam, Jathavan"]
[Black "Hansen, Frank"]
[Result "1-0"]
[WhiteElo "1929"]
[BlackElo "1400"]
[PlyCount "35"]
[EventDate "2008.07.20"]
[EventType "swiss"]
[EventRounds "9"]
[EventCountry "DEN"]
[Source "lmi"]
[SourceDate "2008.07.20"]
[WhiteTeam "OSS"]
[BlackTeam "Hvidovre"]

1. e4 c5 2. Nf3 Nc6 3. d4 cxd4 4. Nxd4 Nxd4 5. Qxd4 d6 6. Bc4 Nf6 7. e5 Qa5+ 8.
Nc3 Qxe5+ 9. Qxe5 dxe5 10. Nb5 Kd8 11. Be3 e6 12. Bxa7 Bb4+ 13. c3 Ba5 14. Bc5
b6 15. Bd6 Ne4 16. Bc7+ Ke7 17. f3 Bd7 18. fxe4 1-0

[Event "Politiken Cup 2008"]
[Site "Helsingør DEN"]
[Date "2008.07.21"]
[Round "4.111"]
[White "Van Der Grinten, Bas"]
[Black "Mottang, Harald"]
[Result "1-0"]
[WhiteElo "1921"]
[BlackElo "1323"]
[PlyCount "77"]
[EventDate "2008.07.20"]
[EventType "swiss"]
[EventRounds "9"]
[EventCountry "DEN"]
[Source "lmi"]
[SourceDate "2008.07.20"]
[WhiteTeam "Venlose"]

1. c4 c5 2. Nc3 Nf6 3. g3 g6 4. Bg2 Bg7 5. e3 Nc6 6. Nge2 O-O 7. O-O e6 8. d4
cxd4 9. exd4 d5 10. Bg5 dxc4 11. Ne4 e5 12. d5 Nd4 13. Nxd4 exd4 14. Qf3 Bf5
15. Nxf6+ Bxf6 16. Bxf6 Qxf6 17. g4 d3 18. Rab1 Qg5 19. gxf5 Rad8 20. b3 b5 21.
bxc4 bxc4 22. Rbc1 Rc8 23. d6 Rc5 24. fxg6 fxg6 25. Qe4 Rf4 26. Qe8+ Rf8 27.
Qe6+ Kg7 28. Rxc4 Re5 29. Rc7+ Kh6 30. Qh3+ Qh5 31. Qxd3 Rg5 32. f4 Rg4 33. Qd4
Rg8 34. Qxa7 Rxg2+ 35. Kxg2 Qd5+ 36. Kg1 g5 37. Rxh7+ Kg6 38. f5+ Kf6 39. Qe7#
1-0

[Event "Politiken Cup 2008"]
[Site "Helsingør DEN"]
[Date "2008.07.21"]
[Round "4.112"]
[White "Kopansky, Lorentz"]
[Black "Benediktsson, Frimann"]
[Result "1/2-1/2"]
[WhiteElo "1463"]
[BlackElo "1915"]
[PlyCount "73"]
[EventDate "2008.07.20"]
[EventType "swiss"]
[EventRounds "9"]
[EventCountry "DEN"]
[Source "lmi"]
[SourceDate "2008.07.20"]
[WhiteTeam "HSK Post Hanover"]
[BlackTeam "Taflfelag Rejkjavikur"]

1. e4 c6 2. d4 d5 3. Nc3 dxe4 4. Nxe4 Nd7 5. c3 Ngf6 6. Ng3 e6 7. Nf3 Bd6 8.
Bd3 Qc7 9. O-O O-O 10. Qe2 b6 11. Ne4 Be7 12. Bg5 Bb7 13. h4 h6 14. Nxf6+ Nxf6
15. Bxf6 Bxf6 16. Qe4 Rfd8 17. Qe3 c5 18. Be4 cxd4 19. cxd4 Bxe4 20. Qxe4 Qd7
21. Rfd1 Qd5 22. Qxd5 Rxd5 23. Rac1 Rad8 24. Rc7 R5d7 25. Rxd7 Rxd7 26. Kf1 e5
27. d5 e4 28. Nh2 Bxh4 29. Ng4 Bf6 30. Nxf6+ gxf6 31. Ke2 Kg7 32. Ke3 f5 33.
Kf4 Kf6 34. b3 Rd6 35. Rd4 Rd7 36. Rd1 Rd6 37. Rd4 1/2-1/2

[Event "Politiken Cup 2008"]
[Site "Helsingør DEN"]
[Date "2008.07.21"]
[Round "4.113"]
[White "Nilsen, Kai"]
[Black "Frisvold, Ole Emil"]
[Result "1/2-1/2"]
[WhiteElo "1914"]
[BlackElo "1284"]
[PlyCount "33"]
[EventDate "2008.07.20"]
[EventType "swiss"]
[EventRounds "9"]
[EventCountry "DEN"]
[Source "lmi"]
[SourceDate "2008.07.20"]
[WhiteTeam "Fredrikstad"]
[BlackTeam "Bergens"]

1. e4 c5 2. Nf3 Nc6 3. d4 cxd4 4. Nxd4 Nf6 5. Nc3 e5 6. Ndb5 d6 7. Bg5 a6 8.
Na3 b5 9. Nd5 Be7 10. Bxf6 Bxf6 11. c3 O-O 12. Be2 Rb8 13. Nc2 Bg5 14. O-O Be6
15. a3 Ne7 16. Ncb4 Bxd5 17. Nxd5 1/2-1/2